000 00639 a2200205 4500
010 _aENG-88609
020 _a9788120332911
_c695.00
035 _aEN-72142
037 _bDBAD / PUB
082 1 4 _a005.133
090 _c9055
_d9055
100 _aDeitel, P.J.
245 1 _aJava:
_cby P.J. Deitel [and] H.M. Deitel
_bhow to program/
250 _a7th ed
260 _aNew Delhi
_bPrentice-Hall of India
_c2007
300 _axl, 1596p. :
_c24cm (pbk)
_bill.
_eCD-ROM
500 _aIncludes index.
942 _adpl
_cEN
_k005.133 / DEI
999 _c8891
_d8891